| 000 | 003710000a22001450004500 | ||
|---|---|---|---|
| 003 | MACL | ||
| 040 | _aMACL | ||
| 090 |
_c2342 _d2342 |
||
| 100 | _aDehejia, Harsha V. | ||
| 245 |
_aLeaves of A Pipal Tree _bAesthetic Reflections on Some Hindu Myths and Symbols |
||
| 260 |
_bMotilal Banarsidas Publishers _c2005 |
||
| 350 | _a2500 | ||
| 650 | _aReligion | ||
| 942 |
_cBOOK _k294 |
||
| 999 |
_c2324 _d2324 |
||